Регионална библиотека "Любен Каравелов" - Русе

Маймунката и морето (Запис номер 139836)

MARC детайли
000 -Лидер
Контролно поле с фиксирана дължина nam a22 a 4500
003 - Код на организацията, давaща контролен номер
Контролно поле BLK
005 - Дата и час на последна редакция
Контролно поле 20210205082631.0
008 - Елементи от данни с фиксирана дължина
fixed length control field 180409b bul|||||r ||||||| ||bul||
010 ## - Наследен системен номер
LC control number KNG00145886000
040 ## - Източник на каталожния запис
Идентификатор на билиотеката - собственик на записа BLK
041 ## - Код за език
Код за езика на текст/звукозапис или на отделно заглавие Български
Код за езика КДБФ Български
080 ## - УДК
Текстов определител УДК Българска литература
УДК код - определител по УДК 821.163.2
УДК определител -93-34
УДК - код + определител 821.163.2-93-34
100 1# - Редна дума - Автор
Автор Гривек, Кирил
Авторска отговорност първи автор
Автор - информация (биография) Добрев, Кирил Илиев
R(LIN) 56021
139 ## - Редно поле
Редна дума Гривек, Кирил
Авторски знак Гри - Г 81
245 10 - Сведения за заглавието
Заглавие Маймунката и морето
Подзаглавни данни Приказка за предучилищна възраст
Редно поле (дума) Кирил Гривек; худож. Йоан Левиев; * Кирил Илиев Добрев.
257 ## - Страна на издаване
Страна на създаване/издаване България
260 ## - Област на издателските данни
Име на издателя, разпространителя и проч. Бълг. художник
Година на издаване 1979
Място на издаване, разпространение и проч. София
300 ## - Физическа характеристика
Страници 16 с.
Илюстрации и др. с ил.
Размери/Мащаб 32 см
380 ## - Жанр
Жанр Детска худож. лит.
500 ## - Общи забележки
Забележка Истинското име на авт. е Кирил Илиев Добрев. - 45 120 тир.
653 ## - Ключова дума – ненормативна
Ключова дума детска литература
653 ## - Ключова дума – ненормативна
Ключова дума литература за деца
700 1# - Други автори (авторска отговорност)
Лично име Левиев, Йоан
Автороска отговорност (Описва отношението между автора и произведението) худож.
9 (RLIN) 379242
700 1# - Други автори (авторска отговорност)
Лично име Добрев, Кирил Илиев
Автороска отговорност (Описва отношението между автора и произведението) *
9 (RLIN) 326868
852 ## - Местоположение
Форматна сигнатура Цб ІІ 18168
856 4# - Електронен адрес и достъп
Електронен формат pdf - файл
856 4# - Електронен адрес и достъп
Електронен формат pdf - файл
999 ## - СИСТЕМНИ КОНТРОЛНИ НОМЕРА
Koha biblionumber 139836
Koha biblioitemnumber 139836
942 ## - АРТИКУЛИ
Вид на библиотечния материал Книги
Скрит в OPAC Не
Периодичен библиозапис Да
944 ## - СЪЗДАВАНЕ И РЕДАКЦИЯ на ЗАПИСА
Създаване/Редакция Създаване
Дата на регистрацията/редакция 15.07.2013
Статус, дата на статуса 15.07.2013 - от С1,Р / 15.07.2013
Служител, извършил регистрацията/редакцията Радинела_Гицова
944 ## - СЪЗДАВАНЕ И РЕДАКЦИЯ на ЗАПИСА
Създаване/Редакция Редакция
Дата на регистрацията/редакция 15.07.2013
Статус, дата на статуса 15.07.2013 - от С1,Р / 15.07.2013
999 ## - СИСТЕМНИ КОНТРОЛНИ НОМЕРА
Koha biblioitemnumber 139836
Наличности
Код за отписване Код за изгубен артикул Източник на класификационната схема Код за повреда Коз за рестрикции Код за отдаване Артикулен № Име на библиотеката - собственик Име на библиотеката, в която се намира в момента Статус (Текущо местоположение) Дата на вписване в системата Местоположение - отдел Цена в лева Инвентарен номер Систематично азбучна сигнатура Баркод Номер на екземпляра Цена в евро Служебна бележка Служебен тип на артикула
  Не е изгубен Universal Decimal Classification Не е повреден само за читалня ползва се в читалня 229098 Регионална библиотека "Любен Каравелов" Русе Регионална библиотека "Любен Каравелов" Русе Хранилище 1979-01-01 Хранилище 0.40 279424 Цб ІІ 18168 120000279424 1 0.20 N: стар фонд Дата: 01.01.1979 Книги
Изтеглен Не е изгубен Universal Decimal Classification Не е повреден без рестрикции заемане за дома 229099 Регионална библиотека "Любен Каравелов" Русе Регионална библиотека "Любен Каравелов" Русе Детски отдел 1979-01-01 Детски отдел 0.40 281035 ДХ 886.7/Г 81 281035 2 0.20 N: стар фонд Дата: 01.01.1979 Дата инв: 18.09.2015 Бележки инв: Д2015 Книги
Vip Innovations Ltd, Rousse, Bulgaria 2025